Chocolate / Cocoa Desserts - Sudden Death - Statistics

General Stats
  • This quiz has been taken 225 times
  • The average score is 7 of 16
Answers on the Grid
Answers color-coded by a green-red scale on the quiz's grid according to % correct below.
Boston cream pie
Tin roof sundae
Melanzane al cioccolato
Mississippi mud pie
Brownie
Nanaimo bar
Kalter Hund
Lamingtons
Molten chocolate cake
Black Forest cake
Bonèt
Tiramisu
İzmir bombası
Sachertorte
Schiacciata alla fiorentina
Estérhazy torta
Gelo di melone
Key lime pie
Strawberry sorbet
Bienenstich
Sfouf
Lupis
Pouding chômeur
Maple taffy
Portokalopita
Sakuramochi
Ginger snaps
Hummingbird cake
 
Answer Stats
Answer % Correct
Brownie
83%
Molten chocolate cake
79%
Black Forest cake
77%
Mississippi mud pie
69%
Tiramisu
69%
Melanzane al cioccolato
57%
Boston cream pie
44%
Tin roof sundae
40%
Nanaimo bar
31%
Sachertorte
31%
Lamingtons
25%
Schiacciata alla fiorentina
25%
Estérhazy torta
13%
İzmir bombası
13%
Kalter Hund
11%
Bonèt
6%
No matching quizzes found
Score Distribution
Percent of People with Each Score
Percentile by Number Answered
Your Score History
You have not taken this quiz